000 02727cam a22005654i 4500
003 PE-LiUPU
005 20250731173422.0
008 150706s2012 xxu rb 000 0 spa d
020 _a9780829759150
035 _a(Sirsi) i9780829759150
040 _aPE-LiUPU
_bspa
_cPE-LiUPU
_erda
049 _aPRUA
082 0 4 _a262.0017
_bV73
_221
100 1 _aViola, Franck,
_eautor.
245 1 0 _aIglesia reconfigurada :
_bcómo lograr el ideal de la iglesia orgánica /
_cFrank Viola.
264 1 _aMiami, Florida :
_bVida,
_c2012.
300 _a304 páginas ;
_c22 centímetros
336 _atext
_2rdacontent
337 _aunmediated
_2rdamedia
338 _avolume
_2rdacarrier
504 _aIncluye bibliografía.
505 0 _aComunidad y encuentros -- Reconfiguración de la iglesia como organismo -- Reconfiguración de la reunión de la iglesia -- Reconfiguración de la cena del Señor -- Reconfiguración del lugar de reunión -- Reconfiguración de la familia de Dios -- Reconfiguración de la unidad de la iglesia -- La práctica de la iglesia y el propósito eterno de Dios -- Liderazgo y rendición de cuentas -- Reconfiguración del liderazgo -- Reconfiguración de la supervisión -- Reconfiguración de la toma de decisiones -- Reconfiguración de la cobertura espiritual -- Reconfiguración de la autoridad y la sumisión -- Reconfiguración de la cobertura denominacional -- Reconfiguración de la tradición apostólica -- ¿Adónde vamos a partir de aquí?.
526 _aSEG42
526 _aSEG41
526 _aSEG40
526 _aSEG39
526 _aP94
526 _aP87
526 _aP86
526 _aP85
526 _aP77
526 _aP76
526 _aP35
541 _g001-0000594;
630 _aBiblia.
_pN.T.
_pCrítica, interpretación, etc.
650 0 4 _aReforma de la Iglesia.
650 0 4 _aHistoria de la Iglesia
_yIglesia Primitiva y principios, ca. 30-600.
650 0 4 _aIglesia
_xEnseñanza Bíblica.
650 0 4 _aTeología Práctica
_xHistoria.
650 0 4 _aIglesias en las casas.
650 0 4 _aIglesia
_xEnseñanza Bíblica.
650 0 4 _aTeología Práctica
_xHistoria.
700 1 _aHimitian, Silvia,
_etr.
910 _agl
_bjv
_clch
_d20121003
942 _2ddc
_cBOOK
949 _a262.0017 V73
_wDEWEY
_c1
_i65444
_lCCODEBUL1
_mBUL
_p29.00
_r0
_sY
_tBOOK
_u2015-7-6
_xTEOLOGIA
_PP35
_o.STAFF. Colección Teología
994 _aC0
_bPEPRU
596 _a1
999 _a262.0017 V73
_wDEWEY
_c53948
_i65444
_d53948
_e2016-6-20
_f2021-11-10
_g5
_lCCODEBUL1
_mBUL
_n1
_p29.00
_q1
_r0
_sY
_tBOOK
_u2015-7-6
_xTEOLOGIA
_PP35
_o.STAFF. Colección Teología
980 _81
_gALBERTO SANCHEZ Responsable de Automatización